000 00509nam a2200193 a 4500
001 1768113745945
003 YourLibrary
005 20260111121358.0
008 260111s2004##################000#0#eng##
020 _a9781580628730
082 0 4 _a618.24
_bWEI
100 1 _aWeiss, Robin Elise,
_eauthor.
245 1 0 _aThe Everything Pregnancy Fitness :
260 _bAdams Media,
_c2004.
300 _a304 pages
650 0 _aHealth & Fitness.
942 _cENGLISH
040 _aYourLibrary
_beng
_cYourLibrary
999 _c608178
_d608178